[Event "56th Rubinstein Memorial A 2020"]
[Site "Polanica Zdroj"]
[Date "2020.08.23"]
[Round "9.2"]
[White "Sabuk, Piotr"]
[Black "Luch, Michal"]
[Result "1-0"]
[WhiteElo "2377"]
[BlackElo "2409"]
[Annotator "ChessBase"]
[PlyCount "99"]
[EventDate "2020.08.15"]
[EventType "swiss"]
[EventCountry "POL"]
[SourceTitle "playchess.com"]
[Source "ChessBase"]
[SourceQuality "1"]
[TimeControl "40/5400+30:1800+30"]

1. d4 {[%emt 0:00:00]} d5 {[%emt 0:00:00]} 2. c4 {[%emt 0:00:00]} e6 {[%emt 0:00:02]} 3. Nf3 {[%emt 0:00:00]} Nf6 {[%emt 0:00:13]} 4. g3 {[%emt 0:00:04]} Bb4+ {[%emt 0:00:10]} 5. Bd2 {[%emt 0:00:25]} Be7 {[%emt 0:00:09]} 6. Bg2 {[%emt 0:00:59]} O-O {[%emt 0:00:28]} 7. O-O {[%emt 0:03:20]} Nbd7 {[%emt 0:00:15]} 8. Qc2 {[%emt 0:02:32]} Ne4 {[%emt 0:00:05]} 9. Bc1 {[%emt 0:10:32]} c6 {[%emt 0:02:59]} 10. Nc3 {[%emt 0:01:15]} Nxc3 {[%emt 0:06:54]} 11. bxc3 {[%emt 0:03:38]} b6 {[%emt 0:10:39]} 12. cxd5 {[%emt 0:24:06]} cxd5 {[%emt 0:00:11]} 13. c4 {[%emt 0:00:10]} Bb7 {[%emt 0:03:42]} 14. cxd5 {[%emt 0:01:33]} Rc8 {[%emt 0:04:05]} 15. Qb1 {[%emt 0:01:32]} Bxd5 {[%emt 0:00:11]} 16. e4 {[%emt 0:01:09]} Bb7 {[%emt 0:01:34]} 17. Bf4 {[%emt 0:05:31]} Nf6 {[%emt 0:01:23]} 18. Re1 {[%emt 0:05:39]} Rc4 {[%emt 0:05:32]} 19. Qd3 {[%emt 0:08:05]} Ra4 {[%emt 0:00:02]} 20. a3 {[%emt 0:09:57]} a6 {[%emt 0:03:25]} 21. Bc1 {[%emt 0:02:53]} Qd7 {[%emt 0:14:00]} 22. Bb2 {[%emt 0:01:14]} Qb5 {[%emt 0:00:26]} 23. Qxb5 {[%emt 0:04:45]} axb5 {[%emt 0:00:00]} 24. Ne5 {[%emt 0:01:21]} b4 {[%emt 0:08:55]} 25. axb4 {[%emt 0:01:00]} Rxa1 {[%emt 0:00:06]} 26. Bxa1 {[%emt 0:01:58]} Bxb4 {[%emt 0:02:21]} 27. Rb1 {[%emt 0:00:10]} Ba5 {[%emt 0:16:43]} 28. f3 {[%emt 0:00:22]} Rc8 {[%emt 0:04:27]} 29. Bf1 {[%emt 0:00:28]} Bc6 {[%emt 0:05:41]} 30. Kf2 {[%emt 0:07:28]} Be8 {[%emt 0:03:23]} 31. Bd3 {[%emt 0:00:18]} Ba4 {[%emt 0:01:30]} 32. Ke3 {[%emt 0:00:56]} Nd7 {[%emt 0:01:15]} 33. Nc4 {[%emt 0:01:45]} Bc2 {[%emt 0:04:22]} 34. Bxc2 {[%emt 0:00:00]} Rxc4 {[%emt 0:00:01]} 35. Bd3 {[%emt 0:00:13]} Rc7 {[%emt 0:00:22]} 36. Bb2 {[%emt 0:00:48]} f6 {[%emt 0:00:30]} 37. f4 {[%emt 0:01:00]} Kf7 {[%emt 0:00:37]} 38. g4 {[%emt 0:00:48]} Nb8 {[%emt 0:01:09]} 39. h4 {[%emt 0:00:29]} Rc8 {[%emt 0:00:32]} 40. h5 {[%emt 0:00:00]} h6 {[%emt 0:00:00]} 41. Ra1 {[%emt 0:07:56]} Rc7 {[%emt 0:04:21]} 42. Ra4 {[%emt 0:04:13]} Nc6 {[%emt 0:01:54]} 43. Ba3 {[%emt 0:07:09]} Bc3 {[%emt 0:14:05]} 44. d5 {[%emt 0:02:39]} Na5 {[%emt 0:01:14]} 45. d6 {[%emt 0:01:47]} Rc8 {[%emt 0:00:08]} 46. d7 {[%emt 0:04:02]} Rd8 {[%emt 0:00:13]} 47. Bb5 {[%emt 0:00:32]} Nb3 {[%emt 0:02:25]} 48. Rc4 {[%emt 0:02:47]} Bd2+ {[%emt 0:00:48]} 49. Kd3 {[%emt 0:00:53]} Bxf4 {[%emt 0:01:00]} 50. Rc8 {[%emt 0:00:24]} 1-0

[Event "56th Rubinstein Memorial A 2020"]
[Site "Polanica Zdroj"]
[Date "2020.08.23"]
[Round "9.2"]
[White "Betkowski, Andrzej"]
[Black "Grzesik, Norbert"]
[Result "1-0"]
[WhiteElo "2044"]
[BlackElo "1980"]
[Annotator "NA"]
[PlyCount "110"]
[EventDate "2020.08.15"]
[EventType "swiss"]
[EventCountry "POL"]
[SourceTitle "playchess.com"]
[Source "ChessBase"]
[SourceQuality "1"]
[TimeControl "40/5400+30:1800+30"]

1. d4 {[%emt 0:00:00]} Nf6 {[%emt 0:00:00]} 2. Bg5 {[%emt 0:00:00]} d5 {[%emt 0:00:00]} 3. e3 {[%emt 0:00:34]} c5 {[%emt 0:00:08]} 4. c3 {[%emt 0:01:17]} Qb6 {[%emt 0:01:15]} 5. Qb3 {[%emt 0:01:37]} Nbd7 {[%emt 0:07:07]} 6. Nf3 {[%emt 0:02:53]} c4 {[%emt 0:00:51]} 7. Qc2 {[%emt 0:04:06]} Qc6 {[%emt 0:08:03]} 8. Nbd2 {[%emt 0:03:30]} b5 {[%emt 0:04:00]} 9. Be2 {[%emt 0:03:17]} e6 {[%emt 0:01:27]} 10. Ne5 {[%emt 0:08:19]} Nxe5 {[%emt 0:03:55]} 11. dxe5 {[%emt 0:00:06]} Nd7 {[%emt 0:01:54]} 12. Nf3 {[%emt 0:02:05]} Qc7 {[%emt 0:02:22]} 13. Bf4 {[%emt 0:04:24]} Rb8 {[%emt 0:05:44]} 14. O-O {[%emt 0:02:52]} g6 {[%emt 0:01:20]} 15. a4 {[%emt 0:07:46]} b4 {[%emt 0:08:24]} 16. cxb4 {[%emt 0:00:28]} Rxb4 {[%emt 0:00:25]} 17. Nd4 {[%emt 0:07:05]} Ba6 {[%emt 0:02:04]} 18. b3 {[%emt 0:04:13]} Bc5 $11 {[%emt 0:03:40]} 19. bxc4 {[%emt 0:07:36]} Bxc4 {[%emt 0:01:08]} 20. Nb5 {[%emt 0:02:36]} Qa5 {[%emt 0:07:11]} 21. Nd6+ {[%emt 0:11:54]} Bxd6 {[%emt 0:00:27]} 22. exd6 {[%emt 0:00:06]} O-O {[%emt 0:00:52]} 23. Bh6 {[%emt 0:04:20]} Rfb8 {[%emt 0:02:36]} 24. Qc3 {[%emt 0:04:06]} f6 {[%emt 0:00:10]} 25. Bxc4 {[%emt 0:01:21]} dxc4 {[%emt 0:00:07]} 26. e4 {[%emt 0:01:25]} Qc5 {[%emt 0:04:14]} 27. Be3 {[%emt 0:01:40]} Qxd6 {[%emt 0:00:38]} 28. Bxa7 {[%emt 0:01:13]} R8b7 {[%emt 0:01:12]} 29. Rfd1 {[%emt 0:01:27]} Qc7 {[%emt 0:01:14]} 30. Be3 {[%emt 0:03:30]} Rb3 {[%emt 0:00:48]} 31. Qd4 {[%emt 0:00:41]} Qc6 {[%emt 0:17:02]} 32. a5 {[%emt 0:01:20]} Qa6 {[%emt 0:00:17]} 33. Qd6 {[%emt 0:01:15]} Qxd6 {[%emt 0:03:03]} 34. Rxd6 {[%emt 0:00:02]} Rb1+ {[%emt 0:00:38]} 35. Rd1 {[%emt 0:00:06]} Rxd1+ {[%emt 0:01:54]} 36. Rxd1 {[%emt 0:00:02]} Nb8 {[%emt 0:06:14]} 37. Kf1 {[%emt 0:00:11]} Kf7 {[%emt 0:00:55]} 38. Ra1 {[%emt 0:05:12]} Na6 {[%emt 0:00:08]} 39. Bb6 {[%emt 0:00:07]} Rb8 {[%emt 0:01:33]} 40. Ke2 {[%emt 0:00:00]} Ke7 {[%emt 0:00:00]} 41. Kd2 {[%emt 0:01:00]} Rc8 {[%emt 0:02:09]} 42. Kc3 {[%emt 0:01:03]} Rc6 {[%emt 0:01:53]} 43. Ra4 {[%emt 0:02:28]} Kd6 {[%emt 0:00:02]} 44. Rxc4 {[%emt 0:00:51]} Rxc4+ {[%emt 0:00:04]} 45. Kxc4 {[%emt 0:00:04]} Kc6 {[%emt 0:00:02]} 46. Bd8 {[%emt 0:03:15]} f5 {[%emt 0:00:23]} 47. e5 {[%emt 0:00:35]} Nc5 {[%emt 0:01:10]} 48. Bb6 {[%emt 0:02:11]} Nd7 {[%emt 0:00:29]} 49. Bd4 {[%emt 0:00:18]} Nb8 {[%emt 0:00:11]} 50. Bc5 {[%emt 0:00:21]} Nd7 {[%emt 0:01:09]} 51. Bd6 {[%emt 0:00:33]} g5 {[%emt 0:01:28]} 52. f3 {[%emt 0:00:54]} h5 {[%emt 0:00:40]} 53. h4 {[%emt 0:01:11]} g4 {[%emt 0:01:27]} 54. f4 {[%emt 0:00:07]} g3 {[%emt 0:00:07]} 55. Kb4 {[%emt 0:01:11]} Kd5 1-0

[Event "56th Rubinstein Memorial A 2020"]
[Site "Polanica Zdroj"]
[Date "2020.08.23"]
[Round "9.3"]
[White "Pultinevicius, Paulius"]
[Black "Luba, Lukasz"]
[Result "1-0"]
[WhiteElo "2512"]
[BlackElo "2188"]
[Annotator "ChessBase"]
[PlyCount "63"]
[EventDate "2020.08.15"]
[EventType "swiss"]
[EventCountry "POL"]
[SourceTitle "playchess.com"]
[Source "ChessBase"]
[SourceQuality "1"]
[TimeControl "40/5400+30:1800+30"]

1. Nf3 {[%emt 0:00:00]} Nf6 {[%emt 0:00:00]} 2. c4 {[%emt 0:00:10]} g6 {[%emt 0:00:09]} 3. d4 {[%emt 0:00:41]} Bg7 {[%emt 0:01:13]} 4. g3 {[%emt 0:00:37]} c6 {[%emt 0:01:35]} 5. Bg2 {[%emt 0:00:06]} d5 {[%emt 0:00:17]} 6. Qb3 {[%emt 0:00:20]} Qb6 {[%emt 0:01:53]} 7. Nc3 {[%emt 0:00:36]} Nbd7 {[%emt 0:02:52]} 8. O-O {[%emt 0:01:43]} Qxb3 {[%emt 0:05:10]} 9. axb3 {[%emt 0:00:06]} Nb6 {[%emt 0:00:06]} 10. c5 {[%emt 0:01:55]} Nbd7 {[%emt 0:00:05]} 11. b4 {[%emt 0:00:05]} Ne4 {[%emt 0:00:16]} 12. Rd1 {[%emt 0:04:10]} f5 {[%emt 0:02:37]} 13. Bf4 {[%emt 0:02:48]} O-O {[%emt 0:01:40]} 14. Bc7 {[%emt 0:16:11]} Re8 {[%emt 0:04:40]} 15. b5 {[%emt 0:03:31]} Nf8 {[%emt 0:11:27]} 16. bxc6 {[%emt 0:05:20]} bxc6 {[%emt 0:00:18]} 17. e3 {[%emt 0:00:20]} Bb7 {[%emt 0:10:33]} 18. Ra5 {[%emt 0:02:07]} Ne6 {[%emt 0:04:42]} 19. Be5 {[%emt 0:00:18]} Bf6 {[%emt 0:04:40]} 20. Rda1 {[%emt 0:01:23]} g5 {[%emt 0:03:15]} 21. Bf1 {[%emt 0:05:39]} g4 {[%emt 0:06:31]} 22. Bxf6 {[%emt 0:00:44]} gxf3 {[%emt 0:00:16]} 23. Nxe4 {[%emt 0:03:31]} fxe4 {[%emt 0:00:08]} 24. Be5 {[%emt 0:00:04]} a6 {[%emt 0:02:47]} 25. b4 {[%emt 0:02:29]} Kf7 {[%emt 0:02:12]} 26. h4 {[%emt 0:01:33]} Rg8 {[%emt 0:04:42]} 27. Bxa6 {[%emt 0:02:12]} Ra7 {[%emt 0:05:10]} 28. Bf1 {[%emt 0:01:58]} Rxa5 {[%emt 0:02:03]} 29. bxa5 {[%emt 0:00:04]} Nf8 {[%emt 0:01:16]} 30. Rb1 {[%emt 0:00:39]} Ba8 {[%emt 0:00:08]} 31. Bh3 {[%emt 0:01:48]} e6 {[%emt 0:02:16]} 32. Rb8 {[%emt 0:00:05]} 1-0

[Event "56th Rubinstein Memorial A 2020"]
[Site "Polanica Zdroj"]
[Date "2020.08.23"]
[Round "9.3"]
[White "Topola, Rafal"]
[Black "Domanski, Lukasz"]
[Result "1/2-1/2"]
[WhiteElo "1808"]
[BlackElo "2039"]
[Annotator "NA"]
[PlyCount "73"]
[EventDate "2020.08.15"]
[EventType "swiss"]
[EventCountry "POL"]
[SourceTitle "playchess.com"]
[Source "ChessBase"]
[SourceQuality "1"]
[TimeControl "40/5400+30:1800+30"]

1. e4 {[%emt 0:00:00]} Nf6 {[%emt 0:02:13]} 2. e5 {[%emt 0:00:00]} Nd5 {[%emt 0:00:08]} 3. d4 {[%emt 0:00:00]} d6 {[%emt 0:00:32]} 4. c4 {[%emt 0:00:03]} Nb6 {[%emt 0:00:08]} 5. exd6 {[%emt 0:00:18]} exd6 {[%emt 0:00:15]} 6. Nc3 {[%emt 0:00:20]} Nc6 {[%emt 0:00:05]} 7. Be3 {[%emt 0:00:12]} Be7 {[%emt 0:00:17]} 8. b3 {[%emt 0:00:55] B03: Alekhine's Defence: Four Pawns Attack.} Bf6 {[%emt 0:02:13] [#]} 9. h3 $146 {[%emt 0:00:36]} ({Predecessor:} 9. Be2 O-O 10. Nf3 Bf5 11. O-O d5 12. c5 Nc8 13. Qd2 N8e7 14. h3 Be4 15. g4 h6 {½-½ (64) Mitkov,N (2578)-Minasian,A (2478) Ohrid 2001}) 9... Be6 {[%emt 0:08:13]} 10. Nf3 {[%emt 0:01:53]} d5 {[%emt 0:01:30]} 11. c5 {[%emt 0:01:10]} Nc8 {[%emt 0:00:10]} 12. Rb1 {[%emt 0:02:30]} N8e7 {[%emt 0:02:55]} 13. Bf4 {[%emt 0:21:10]} ({White should play} 13. Qd2 $11) 13... a6 {[%emt 0:03:33]} 14. g4 {[%emt 0:02:05]} Ng6 {[%emt 0:03:20]} 15. Qd2 {[%emt 0:02:06]} (15. Be3 $15) 15... Nh4 $2 {[%emt 0:08:21]} (15... Nxf4 $19 16. Qxf4 g5) 16. Nxh4 $1 {[%emt 0:02:26]} Bxh4 {[%emt 0:00:39]} 17. Bg2 {[%emt 0:04:42]} O-O {[%emt 0:03:25]} 18. O-O {[%emt 0:01:48]} h5 {[%emt 0:12:11]} 19. gxh5 {[%emt 0:04:34]} Bf6 {[%emt 0:05:11]} 20. Be5 $15 {[%emt 0:05:17]} (20. Ne2 $14) 20... Nxe5 {[%emt 0:02:18]} 21. dxe5 {[%emt 0:00:01]} Bxe5 {[%emt 0:01:40]} 22. Nxd5 {[%emt 0:01:02]} Bxd5 {[%emt 0:06:54]} 23. Qxd5 {[%emt 0:00:08]} Qf6 {[%emt 0:07:27]} 24. Rfe1 {[%emt 0:04:33]} Bd4 {[%emt 0:05:14]} 25. Qf3 {[%emt 0:00:49]} Qg5 {[%emt 0:01:52]} 26. Red1 {[%emt 0:11:17]} Rad8 {[%emt 0:04:30]} 27. Qxb7 {[%emt 0:02:51]} Qxc5 {[%emt 0:03:03]} 28. Qf3 {[%emt 0:02:27]} Rd6 {[%emt 0:01:16]} 29. Rbc1 {[%emt 0:00:42]} Qb6 {[%emt 0:02:02]} 30. Rc6 {[%emt 0:09:37]} Bxf2+ {[%emt 0:01:40]} 31. Kf1 {[%emt 0:00:01]} Rxd1+ {[%emt 0:04:01]} 32. Qxd1 {[%emt 0:00:02]} Qe3 {[%emt 0:01:36]} 33. Qe2 {[%emt 0:05:31]} Qxe2+ {[%emt 0:00:24]} 34. Kxe2 {[%emt 0:00:01]} Bb6 {[%emt 0:00:23]} 35. Rc4 {[%emt 0:01:03]} Rd8 {[%emt 0:02:59]} 36. Bb7 {[%emt 0:02:38]} a5 {[%emt 0:00:25]} 37. Re4 {[%emt 0:01:31]} 1/2-1/2

[Event "56th Rubinstein Memorial A 2020"]
[Site "Polanica Zdroj"]
[Date "2020.08.23"]
[Round "9.4"]
[White "Zochowski, Kacper"]
[Black "Cukrowski, Filip"]
[Result "1/2-1/2"]
[WhiteElo "2278"]
[BlackElo "2419"]
[Annotator "TA"]
[PlyCount "40"]
[EventDate "2020.08.15"]
[EventType "swiss"]
[EventCountry "POL"]
[SourceTitle "playchess.com"]
[Source "ChessBase"]
[SourceQuality "1"]

{[%evp 21,22,26,31]} 1. e4 e5 2. Nf3 Nc6 3. Bb5 a6 4. Ba4 Nf6 5. O-O Be7 6. Re1 b5 7. Bb3 d6 8. c3 O-O 9. h3 Nb8 10. d4 Nbd7 11. Nbd2 c5 {[#]} {Predecessor:} 12. Nf1 $146 {C95: Closed Ruy Lopez: Breyer Variation with 10 d4.} Re8 13. Ng3 Bf8 14. a4 Rb8 15. Bc2 g6 16. Bg5 h6 17. Be3 Bg7 18. Qc1 Kh7 19. Rd1 Qc7 20. axb5 axb5 {½-½ (108) Sasikiran,K (2673)-Kovalev,V (2661) Poikovsky 2019} 1/2-1/2

[Event "56th Rubinstein Memorial A 2020"]
[Site "Polanica Zdroj"]
[Date "2020.08.23"]
[Round "9.4"]
[White "Wojcik, Wieslaw"]
[Black "Kowalczyk, Wojciech"]
[Result "0-1"]
[WhiteElo "1863"]
[BlackElo "1873"]
[Annotator "NA"]
[PlyCount "86"]
[EventDate "2020.08.15"]
[EventType "swiss"]
[EventCountry "POL"]
[SourceTitle "playchess.com"]
[Source "ChessBase"]
[SourceQuality "1"]
[TimeControl "40/5400+30:1800+30"]

1. d4 {[%emt 0:00:00]} Nf6 {[%emt 0:00:00]} 2. Nf3 {[%emt 0:00:11]} g6 {[%emt 0:00:00]} 3. c4 {[%emt 0:00:10]} Bg7 {[%emt 0:00:00]} 4. Nc3 {[%emt 0:00:05]} O-O {[%emt 0:00:00]} 5. e4 {[%emt 0:00:05]} d6 {[%emt 0:00:00]} 6. Be2 {[%emt 0:00:16]} e5 {[%emt 0:00:08]} 7. O-O {[%emt 0:02:00]} Nc6 {[%emt 0:00:05]} 8. d5 {[%emt 0:06:32]} Ne7 {[%emt 0:00:07]} 9. b4 {[%emt 0:02:55]} Nh5 {[%emt 0:00:53]} 10. Qb3 {[%emt 0:05:41]} Nf4 {[%emt 0:02:27] E97: King's Indian: Classical Main Line (6...e5 7 0-0 Nc6): 8 Be3 and 8 d5 Ne7, not 9 Ne1.} 11. Bxf4 {[%emt 0:03:22]} exf4 {[%emt 0:00:02]} 12. Rac1 {[%emt 0:00:13]} Bg4 {[%emt 0:09:04]} 13. c5 {[%emt 0:06:36]} Bxf3 {[%emt 0:00:25]} 14. Bxf3 {[%emt 0:01:20] [#]} g5 $146 {[%emt 0:00:09]} ({Predecessor:} 14... f5 15. Rfe1 Rf7 16. Qc4 fxe4 17. Rxe4 Nf5 18. Rce1 a5 19. bxa5 dxc5 20. Qxc5 Bf8 {0-1 (40) Dihm,D-Haag,F GER corr 1996}) 15. Bg4 {[%emt 0:15:10]} Ng6 {[%emt 0:17:27]} 16. cxd6 {[%emt 0:02:53]} cxd6 {[%emt 0:00:15]} 17. Nb5 {[%emt 0:00:12]} Ne5 {[%emt 0:02:44]} (17... a6 $5 {[%cal Ra6b5]} 18. Nc7 Rb8 $14) 18. Bf5 {[%emt 0:00:28]} g4 {[%emt 0:00:49]} 19. f3 $2 {[%emt 0:01:58]} (19. Kh1 $14 {stays ahead.}) 19... Qb6+ {[%emt 0:01:50]} 20. Kh1 {[%emt 0:00:44]} Qxb5 {[%emt 0:00:42]} 21. fxg4 {[%emt 0:00:04]} Qd3 {[%emt 0:17:13]} 22. Qxd3 {[%emt 0:01:48]} Nxd3 $19 {[%emt 0:00:01]} 23. Rb1 {[%emt 0:01:54]} Bd4 {[%emt 0:04:43]} 24. g3 {[%emt 0:01:29]} fxg3 {[%emt 0:04:57]} 25. Kg2 {[%emt 0:01:36]} Ne5 {[%emt 0:04:51]} 26. Rbc1 {[%emt 0:02:53]} gxh2 {[%emt 0:02:24]} 27. Kxh2 {[%emt 0:02:04]} a5 {[%emt 0:04:58]} 28. b5 {[%emt 0:00:06]} Bb6 {[%emt 0:01:18]} 29. Kg3 {[%emt 0:00:18]} Kg7 {[%emt 0:00:44]} 30. a4 {[%emt 0:03:25]} Rae8 {[%emt 0:05:16]} 31. Rh1 {[%emt 0:00:23]} Rh8 {[%emt 0:00:11]} 32. Rh5 {[%emt 0:00:40]} Re7 {[%emt 0:02:39]} 33. g5 {[%emt 0:03:28]} Rc7 {[%emt 0:01:04]} 34. Rch1 {[%emt 0:01:28]} Rc3+ {[%emt 0:03:09]} 35. Kg2 {[%emt 0:00:07]} Ng6 {[%emt 0:00:16]} 36. Bxg6 {[%emt 0:01:47]} fxg6 {[%emt 0:00:22]} 37. R5h4 {[%emt 0:00:10]} Rc2+ {[%emt 0:03:14]} 38. Kf3 {[%emt 0:00:28]} Rf8+ {[%emt 0:00:31]} 39. Kg4 {[%emt 0:00:07]} Rg2+ {[%emt 0:00:36]} 40. Kh3 {[%emt 0:00:00]} Rxg5 {[%emt 0:00:00]} 41. e5 {[%emt 0:01:21]} Rxe5 {[%emt 0:00:54]} 42. Kg2 {[%emt 0:00:23]} Re2+ {[%emt 0:01:06]} 43. Kh3 {[%emt 0:00:14]} h5 {[%emt 0:00:49]} 0-1

[Event "56th Rubinstein Memorial A 2020"]
[Site "Polanica Zdroj"]
[Date "2020.08.23"]
[Round "9.5"]
[White "Butkiewicz, Lukasz"]
[Black "Luberanski, Jakub"]
[Result "1-0"]
[WhiteElo "2400"]
[BlackElo "2146"]
[Annotator "ChessBase"]
[PlyCount "65"]
[EventDate "2020.08.15"]
[EventType "swiss"]
[EventCountry "POL"]
[SourceTitle "playchess.com"]
[Source "ChessBase"]
[SourceQuality "1"]
[TimeControl "40/5400+30:1800+30"]

1. e4 {[%emt 0:00:00]} e5 {[%emt 0:00:00]} 2. Nf3 {[%emt 0:00:06]} Nc6 {[%emt 0:00:00]} 3. Bb5 {[%emt 0:00:10]} a6 {[%emt 0:00:00]} 4. Ba4 {[%emt 0:00:04]} Nf6 {[%emt 0:00:00]} 5. d3 {[%emt 0:00:12]} Bc5 {[%emt 0:03:03]} 6. c3 {[%emt 0:04:09]} b5 {[%emt 0:00:16]} 7. Bb3 {[%emt 0:00:41]} O-O {[%emt 0:01:46]} 8. O-O {[%emt 0:03:28]} d6 {[%emt 0:00:51]} 9. h3 {[%emt 0:02:32]} h6 {[%emt 0:04:05]} 10. Be3 {[%emt 0:06:46]} Ba7 {[%emt 0:05:15]} 11. Nbd2 {[%emt 0:10:38]} Be6 {[%emt 0:06:48]} 12. Bxe6 {[%emt 0:11:53]} fxe6 {[%emt 0:00:06]} 13. d4 {[%emt 0:00:05]} d5 {[%emt 0:21:42]} 14. Qc2 {[%emt 0:07:42]} Nxe4 {[%emt 0:10:47]} 15. Nxe4 {[%emt 0:01:08]} dxe4 {[%emt 0:00:05]} 16. Qxe4 {[%emt 0:00:09]} Qd5 {[%emt 0:00:10]} 17. Qg4 {[%emt 0:04:09]} Kh7 {[%emt 0:07:41]} 18. Rad1 {[%emt 0:05:15]} exd4 {[%emt 0:11:21]} 19. Nxd4 {[%emt 0:00:26]} Nxd4 {[%emt 0:03:51]} 20. Bxd4 {[%emt 0:01:20]} Bxd4 {[%emt 0:00:40]} 21. Rxd4 {[%emt 0:00:09]} Qxa2 {[%emt 0:02:18]} 22. Rd7 {[%emt 0:00:32]} Rg8 {[%emt 0:00:06]} 23. Re1 {[%emt 0:18:28]} Rae8 {[%emt 0:00:44]} 24. Re3 {[%emt 0:02:36]} Qxb2 {[%emt 0:05:49]} 25. Rg3 {[%emt 0:02:12]} Qc1+ {[%emt 0:01:06]} 26. Kh2 {[%emt 0:00:20]} Qg5 {[%emt 0:00:06]} 27. Qd4 {[%emt 0:01:25]} c5 {[%emt 0:00:15]} 28. Qe4+ {[%emt 0:02:00]} Qf5 {[%emt 0:00:06]} 29. Qb7 {[%emt 0:00:05]} Qe5 {[%emt 0:01:03]} 30. f4 {[%emt 0:01:36]} Qf5 {[%emt 0:01:53]} 31. Rdxg7+ {[%emt 0:10:07]} Kh8 {[%emt 0:00:08]} 32. Rf7 {[%emt 0:01:10]} Qc2 {[%emt 0:01:25]} 33. f5 1-0

[Event "56th Rubinstein Memorial A 2020"]
[Site "Polanica Zdroj"]
[Date "2020.08.23"]
[Round "9.5"]
[White "Kolodziejski, Piotr"]
[Black "Galant, Ireneusz"]
[Result "1-0"]
[WhiteElo "1928"]
[BlackElo "1803"]
[Annotator "NA"]
[PlyCount "65"]
[EventDate "2020.08.15"]
[EventType "swiss"]
[EventCountry "POL"]
[SourceTitle "playchess.com"]
[Source "ChessBase"]
[SourceQuality "1"]
[TimeControl "40/5400+30:1800+30"]

1. e4 {[%emt 0:00:00]} c5 {[%emt 0:00:00]} 2. Nf3 {[%emt 0:00:00]} Nc6 {[%emt 0:00:00]} 3. d4 {[%emt 0:00:00]} cxd4 {[%emt 0:00:00]} 4. Nxd4 {[%emt 0:00:00]} e5 {[%emt 0:00:04]} 5. Nb5 {[%emt 0:00:00]} a6 {[%emt 0:00:14]} 6. Nd6+ {[%emt 0:00:18]} Bxd6 {[%emt 0:00:11]} 7. Qxd6 {[%emt 0:00:04]} Qe7 {[%emt 0:00:04]} 8. Qd1 {[%emt 0:00:50]} Nf6 {[%emt 0:00:38]} 9. Nc3 {[%emt 0:00:52]} d6 {[%emt 0:00:13]} 10. Be2 {[%emt 0:00:24] B32: Sicilian: Löwenthal and Kalashnikov Variations.} Be6 {[%emt 0:00:43]} 11. Be3 {[%emt 0:01:20]} O-O {[%emt 0:00:24]} 12. O-O {[%emt 0:00:19]} b5 {[%emt 0:08:34]} 13. a3 {[%emt 0:11:23]} h6 {[%emt 0:08:05]} 14. Bf3 {[%emt 0:14:06] [#]} Rac8 $146 {[%emt 0:05:56]} ({Predecessor:} 14... Qc7 15. Kh1 Ne7 16. g4 Qd7 17. Rg1 d5 18. g5 Nxe4 19. Nxe4 dxe4 20. Qxd7 Bxd7 21. Bxe4 {0-1 (55) Jonasson,J-Wikfeldt,K Reykjavik 2000}) 15. Qd3 $2 {[%emt 0:07:49]} (15. Nd5 $11 {and White is okay.} Bxd5 16. exd5) 15... Bc4 {[%emt 0:01:24] Skewer} 16. Qd2 {[%emt 0:01:07]} Bxf1 {[%emt 0:00:13]} 17. Kxf1 {[%emt 0:02:58]} Qc7 {[%emt 0:04:08]} (17... Na5 $19 18. Qd3 Rfe8) 18. Rd1 {[%emt 0:05:31]} Rfd8 {[%emt 0:02:12]} 19. Bxh6 {[%emt 0:10:34]} Ne7 $11 {[%emt 0:12:39]} (19... gxh6 $15 20. Qxh6 Qe7) 20. Bg5 {[%emt 0:09:42]} Qd7 {[%emt 0:09:55]} 21. Bxf6 {[%emt 0:03:32]} gxf6 {[%emt 0:00:50]} 22. Qh6 {[%emt 0:00:28]} Rxc3 {[%emt 0:08:47]} 23. bxc3 {[%emt 0:00:17]} Qe6 {[%emt 0:03:45]} 24. Rd3 {[%emt 0:01:18]} Ng6 {[%emt 0:22:30]} 25. Bh5 {[%emt 0:04:33]} Qa2 {[%emt 0:09:57]} 26. Bxg6 {[%emt 0:01:33]} fxg6 {[%emt 0:00:14]} 27. Qxg6+ {[%emt 0:00:06]} Kf8 {[%emt 0:00:03]} 28. Qxf6+ {[%emt 0:00:18]} Ke8 {[%emt 0:00:00]} 29. Qg6+ {[%emt 0:03:04]} Ke7 {[%emt 0:01:12]} 30. Qg5+ {[%emt 0:00:05]} Ke8 {[%emt 0:00:21]} 31. Qc1 {[%emt 0:01:06]} Qc4 {[%emt 0:00:34]} 32. f3 {[%emt 0:03:26]} Kd7 {[%emt 0:00:08]} 33. Qb2 {[%emt 0:02:41]} 1-0